00653nam a22001937a 450000500170000001000150001702000260003203500130005803700130007108200150008410000300009924500800012926000350020927000680024430000340031250000510034665000300039765000320042720130618103444.0 aENG-107358 a9788120346840c450.00 aEN-90891 bDBAD/PUB a330.015193 aIntriligator, Michael D.  aMathematical optimization and economic theory /cby Michael D. Intriligator aNew DelhibPHI Learning c2013 aRimjhim House, 111, Patparganj Industrial EstatebDelhie110092 axvii,508p. :c23cm(pbk)bill. aIncludes bibliographical references and index. a Economics, Mathematical. a Mathematical optimization.